[Event "EU-chT U12"]
[Site "Pardubice"]
[Date "2019.07.16"]
[Round "6.4"]
[White "Olenik Campa, Rudi"]
[Black "Buchta, Bartolomej"]
[Result "1-0"]
[WhiteElo "1854"]
[BlackElo "1585"]
[PlyCount "85"]
[EventDate "2019.07.11"]
[EventType "team-swiss"]
[EventRounds "7"]
[EventCountry "CZE"]
[SourceTitle "EXT 2020"]
[Source "ChessBase"]
[SourceDate "2019.10.17"]
[SourceVersion "1"]
[SourceVersionDate "2019.10.17"]
[SourceQuality "1"]
[WhiteTeam "Slovenia U12"]
[BlackTeam "Czech Republic U12 II"]
[WhiteTeamCountry "SLO"]
[BlackTeamCountry "CZE"]

1. e4 c5 2. Nf3 d6 3. d4 cxd4 4. Nxd4 Nf6 5. f3 e5 6. Nb3 Be6 7. c4 Nbd7 8. Be3 Rc8 9. Nc3 a6 10. Nd5 Bxd5 11. cxd5 Be7 12. Qd2 Nb6 13. Rc1 Nfd7 14. Be2 0-0 15. 0-0 f5 16. exf5 Rxf5 17. Na5 Rb8 18. Nc4 Nxc4 19. Rxc4 Bg5 20. Bd3 Bxe3+ 21. Qxe3 Rh5 22. Rg4 Nf6 23. Rg3 Nxd5 24. Bc4 b5 25. Bxd5+ Kh8 26. Qa7 Qb6+ 27. Qxb6 Rxb6 28. Rc1 Rb8 29. Rc7 g6 30. Rc6 Rh4 31. Rg4 Rh5 32. Rxa6 Rc8 33. Rc6 Rf8 34. Rb4 Rhf5 35. Rxb5 e4 36. Bc4 Rf4 37. Be2 e3 38. Rd5 Rb4 39. b3 Rbb8 40. Rdxd6 Ra8 41. Rc2 Rfe8 42. Rd7 h5 43. Rcc7 1-0

[Event "EU-chT U12"]
[Site "Pardubice"]
[Date "2019.07.15"]
[Round "5.4"]
[White "Buchta, Bartolomej"]
[Black "Werner, Quan Hong"]
[Result "1/2-1/2"]
[WhiteElo "1585"]
[BlackElo "1734"]
[PlyCount "101"]
[EventDate "2019.07.11"]
[EventType "team-swiss"]
[EventRounds "7"]
[EventCountry "CZE"]
[SourceTitle "EXT 2020"]
[Source "ChessBase"]
[SourceDate "2019.10.17"]
[SourceVersion "1"]
[SourceVersionDate "2019.10.17"]
[SourceQuality "1"]
[WhiteTeam "Czech Republic U12 II"]
[BlackTeam "Czech Republic U12"]
[WhiteTeamCountry "CZE"]
[BlackTeamCountry "CZE"]

1. e4 e5 2. Nf3 Nc6 3. Bb5 f5 4. Nc3 fxe4 5. Nxe4 Nf6 6. Nxf6+ Qxf6 7. d3 d6 8. c3 Be7 9. d4 exd4 10. Nxd4 0-0 11. Be3 Nxd4 12. Bxd4 Qg5 13. Qb3+ Kh8 14. Be3 Qxg2 15. 0-0-0 Bg5 16. Qc4 Rxf2 17. Bxg5 Qxg5+ 18. Kb1 Bf5+ 19. Ka1 a6 20. Ba4 Rf4 21. Qb3 b5 22. Qd5 c6 23. Qxc6 Be4 24. Qxd6 Bxh1 25. Bc2 Raf8 26. Bb1 Bf3 27. Re1 Qf6 28. Re6 Qd8 29. Qxa6 R4f6 30. Rxf6 Rxf6 31. Qxb5 Rf8 32. a4 Qb8 33. Qc5 Qc8 34. Qb5 Bc6 35. Qd3 g6 36. Qd4+ Kg8 37. Ba2+ Rf7 38. a5 Qd7 39. Bxf7+ Kxf7 40. Qf4+ Ke8 41. Qb8+ Qd8 42. Qe5+ Kd7 43. b4 Qf8 44. Qd4+ Qd6 45. Qa7+ Qc7 46. Qf2 Bb5 47. Qd2+ Qd6 48. Qh6 Qd1+ 49. Kb2 Qe2+ 50. Ka3 Qc2 51. Qxh7+ 1/2-1/2

[Event "EU-chT U12"]
[Site "Pardubice"]
[Date "2019.07.12"]
[Round "2.4"]
[White "Hagner, Bennet"]
[Black "Buchta, Bartolomej"]
[Result "1-0"]
[WhiteElo "1831"]
[BlackElo "1585"]
[PlyCount "85"]
[EventDate "2019.07.11"]
[EventType "team-swiss"]
[EventRounds "7"]
[EventCountry "CZE"]
[SourceTitle "EXT 2020"]
[Source "ChessBase"]
[SourceDate "2019.10.17"]
[SourceVersion "1"]
[SourceVersionDate "2019.10.17"]
[SourceQuality "1"]
[WhiteTeam "Germany U12"]
[BlackTeam "Czech Republic U12 II"]
[WhiteTeamCountry "GER"]
[BlackTeamCountry "CZE"]

1. e4 c5 2. Nf3 d6 3. d4 cxd4 4. Nxd4 Nf6 5. Nc3 a6 6. Be3 e6 7. Be2 Qc7 8. Qd2 b5 9. f3 Nbd7 10. a4 b4 11. Na2 d5 12. exd5 Nxd5 13. c4 Nxe3 14. Qxe3 Bc5 15. f4 0-0 16. Bf3 Bb7 17. Bxb7 Qxb7 18. Qf3 Qc7 19. 0-0-0 Bd6 20. Kb1 Nb6 21. b3 Bxf4 22. Nxb4 Rfc8 23. Nbc6 Kh8 24. g3 Bg5 25. Rhe1 Bf6 26. Qf4 Qb7 27. Na5 Qe7 28. Ka2 Qc5 29. Nb7 Qb4 30. Nd6 Rf8 31. Nc6 Qc3 32. Re2 g5 33. Qf2 Nxa4 34. Ne4 Bg7 35. Rc2 f5 36. Nxc3 Nxc3+ 37. Rxc3 Bxc3 38. Qe3 Bf6 39. Rd6 Rae8 40. Rxe6 Rxe6 41. Qxe6 f4 42. Ne5 Bg7 43. Nf7+ 1-0